000 01002nam a2200301 a 4500
003 AR-BaBNM
005 20251128203217.0
008 082120s2002 ||||||||||||||000 | spa||
040 _cAR-BaBNM
245 0 0 _aArchivo del Brigadier General Juan Facundo Quiroga
_b1815-1821. 1
250 _a1ª ed.
260 _aBuenos Aires
_bUniversidad de Buenos Aires
_c1957
300 _a384 p.
490 0 _aDocumentos para la historia argentina
_vv. 24
650 4 _aCAUDILLOS ARGENTINOS
650 4 _aGUERRAS CIVILES ARGENTINAS
650 4 _aANARQUIA DE 1820
650 4 _aHISTORIA ECONOMICA
650 4 _aPERIODO INDEPENDIENTE
650 4 _aINDEPENDENCIA ARGENTINA
650 4 _aGAUCHOS DE GÜEMES
650 4 _aCONGRESO CONSTITUYENTE DE 1824
700 1 _aCaillet-Bois, Ricardo Rodolfo
_eprologuista
800 1 _aCaillet-Bois, Ricardo Rodolfo
_edirector
810 2 _aInstituto de Historia Argentina Doctor Emilio Ravignani [Universidad de Buenos Aires]
942 _cBK
998 _cmariana
999 _c2404
_d2404